MARC

LEADER 00000nam0a2200000 4500
001 160918
005 20231101222223.0
035 |a (RuTPU)RU\TPU\book\174512 
090 |a 160918 
100 |a 20090601d1959 km y0rusy50 ca 
101 1 |a rus  |c eng 
102 |a RU 
105 |a a z 001zy 
200 1 |a Измерения радиоактивных излучений  |e пер. с англ.  |f Д. Тейлор 
210 |a Москва  |c Изд-во главного управления по использованию атомной энергии  |d 1959 
215 |a 139 с.  |c ил. 
320 |a Библиогр.: с. 136-137. 
606 1 |a Ионизирующие излучения  |x Дозиметрия  |x (физика)  |2 stltpush  |3 (RuTPU)RU\TPU\subj\39291  |9 59440 
610 1 |a ядерная физика 
610 1 |a ионизирующее излучение 
610 1 |a дозиметрия 
610 1 |a радиоактивное облучение 
610 1 |a измерение 
610 1 |a счетные устройства 
610 1 |a техника безопасности 
610 1 |a методы 
675 |a 539.1.074  |v 3 
700 1 |a Тейлор  |b Д.  |g Дэнис 
801 1 |a RU  |b 63413507  |c 20090601  |g PSBO 
801 2 |a RU  |b 63413507  |c 20210223  |g RCR 
942 |c BK